| 000 | 00459nam a22001817a 4500 | ||
|---|---|---|---|
| 003 | MPLRDC | ||
| 005 | 20220104114116.0 | ||
| 008 | 210129b ||||| |||| 00| 0 eng d | ||
| 020 | _a7-80037-223-5 | ||
| 082 | _a782.886 ZEL-4 | ||
| 100 | _a方钜成、姜桂侬 编 | ||
| 245 |
_a西方人看周恩来 _c |
||
| 250 | _a一版四刷 | ||
| 260 |
_a _b中国和平出版社 _c1991 |
||
| 300 | _b平 | ||
| 650 | _a周恩来传记 | ||
| 942 |
_cBK _o782.886 ZEL-4 |
||
| 999 |
_c4884 _d4874 |
||